Málo kvalifikovaných : Osobitné školstvo jubiluje

Podrobná bibliografia
Hlavný autor: (ver) (Author)
Médium: Článok
Jazyk:Slovak
Témy:
Zdroj: 1. Lúč 1. Roč. 4, č. 67(1995), dát. 0321, s. 2
LEADER 00726nab#a2200289#ar4500
001 000011348
003 SVKKK
005 00000000000000.0
008 c xo e sloo
FMT
038 |a SVKKK 
040 |a SVKKK  |b slo  |e AACR2 
041 0 |a slo 
044 |a xo  |c SK 
080 |a 37  |2 1981 
100 0 |a (ver)  |4 aut 
245 1 0 |a Málo kvalifikovaných :  |b Osobitné školstvo jubiluje  |c (ver) , 
650 0 4 |a Osobitná škola, Vojenská ul., Košice  |x výročie založenia 70.  |x informácie 
773 0 |t Lúč  |g Roč. 4, č. 67(1995), dát. 0321, s. 2 
957 |a Košice 
958 |a KE 
958 |a RE 
974 |d 960709  |a Šá 
992 |a RBX 
BAS
852 |a SVKKK  |b BIB 
998 |a REG